NATIONAL Institute year book 1989
Guardat en:
| Format: | Llibre |
|---|---|
| Idioma: | anglès |
| Publicat: |
: Gabumo Publishers
, 1987
|
| Etiquetes: |
Afegir etiqueta
Sense etiquetes, Sigues el primer a etiquetar aquest registre!
|
MARC
| LEADER | 00000nam a22000007a 4500 | ||
|---|---|---|---|
| 008 | 210120b ||||| |||| 00| 0 eng d | ||
| 020 | |a 978-010-0121 | ||
| 245 | |a NATIONAL Institute year book 1989 | ||
| 250 | |c Olu Akinkoye. | ||
| 260 | |b : Gabumo Publishers |c , 1987 |h Jos |i 688563 |l H62 .N6N19 | ||
| 942 | |a lcc |c BK |e j o ifatola |f 20/1/2021 | ||
| 952 | |0 0 |1 0 |2 lcc |4 0 |6 H0062 N6 N19 |7 0 |9 1317 |a HOL |b HOL |c AF |d 2021-01-20 |l 0 |o H62 .N6N19 |p 2021-0130 |r 2021-01-20 00:00:00 |w 2021-01-20 |y BK | ||
| 999 | |c 681 |d 681 | ||